|
|
|
|
| LEADER |
00000cam a2200000 cb4500 |
| 001 |
1072934825 |
| 003 |
DE-627 |
| 005 |
20251224214947.0 |
| 007 |
tu |
| 008 |
850101s1969 gw ||||| 00| ||ger c |
| 035 |
|
|
|a (DE-627)1072934825
|
| 035 |
|
|
|a (DE-576)002934825
|
| 035 |
|
|
|a (DE-599)BSZ002934825
|
| 035 |
|
|
|a (OCoLC)04413719
|
| 035 |
|
|
|a (OCoLC)299620192
|
| 035 |
|
|
|a (DE-604)802900344x
|
| 040 |
|
|
|a DE-627
|b ger
|c DE-627
|e rda
|
| 041 |
|
|
|a ger
|
| 044 |
|
|
|c XA-DE
|
| 082 |
0 |
|
|a 301/.09
|
| 084 |
|
|
|a 1
|2 ssgn
|
| 084 |
|
|
|a DU 1000
|2 rvk
|0 (DE-625)rvk/20042:761
|
| 084 |
|
|
|a MQ 2700
|2 rvk
|0 (DE-625)rvk/123418:
|
| 084 |
|
|
|a MQ 2200
|2 rvk
|0 (DE-625)rvk/123416:
|
| 084 |
|
|
|a MQ 1200
|2 rvk
|0 (DE-625)rvk/123412:
|
| 100 |
1 |
|
|e VerfasserIn
|0 (DE-588)120113376
|0 (DE-627)080454798
|0 (DE-576)161723640
|4 aut
|a Klages, Helmut
|d 1930-
|
| 109 |
|
|
|a Klages, Helmut 1930-
|
| 245 |
1 |
0 |
|a Geschichte der Soziologie
|c Helmut Klages
|
| 264 |
|
1 |
|a München
|b Juventa Verlag
|c [1969]
|
| 300 |
|
|
|a 207 Seiten
|
| 336 |
|
|
|a Text
|b txt
|2 rdacontent
|
| 337 |
|
|
|a ohne Hilfsmittel zu benutzen
|b n
|2 rdamedia
|
| 338 |
|
|
|a Band
|b nc
|2 rdacarrier
|
| 490 |
1 |
|
|a Grundfragen der Soziologie / hrsg. von Dieter Claessens
|v 3
|
| 583 |
1 |
|
|a Archivierung/Langzeitarchivierung gewährleistet
|f SSG
|x XA-DE-BW
|2 pdager
|5 DE-21
|
| 650 |
|
0 |
|a Sociology
|x History
|
| 689 |
0 |
0 |
|d s
|0 (DE-588)4077624-4
|0 (DE-627)104152036
|0 (DE-576)209205849
|2 gnd
|a Soziologie
|
| 689 |
0 |
1 |
|q z
|2 gnd
|a Geschichte
|
| 689 |
0 |
|
|5 (DE-627)
|
| 830 |
|
0 |
|a Grundfragen der Soziologie
|v 3
|9 3
|w (DE-627)1070938564
|w (DE-576)000938564
|7 am
|
| 935 |
|
|
|a mteo
|
| 936 |
r |
v |
|a DU 1000
|b Allgemeines und Deutschland
|k Pädagogik
|k Pädagogische Soziologie
|k Allgemeines
|k Allgemeines und Deutschland
|0 (DE-627)1270729411
|0 (DE-625)rvk/20042:761
|0 (DE-576)200729411
|
| 936 |
r |
v |
|a MQ 2700
|b Beiträge zur Entwicklung der Soziologie in einzelnen Ländern
|k Soziologie
|k Einführung und Geschichte
|k Geschichte der Soziologie
|k Beiträge zur Entwicklung der Soziologie in einzelnen Ländern
|0 (DE-627)1271427435
|0 (DE-625)rvk/123418:
|0 (DE-576)201427435
|
| 936 |
r |
v |
|a MQ 2200
|b Gesamtdarstellungen zur Geschichte der Soziologie
|k Soziologie
|k Einführung und Geschichte
|k Geschichte der Soziologie
|k Gesamtdarstellungen zur Geschichte der Soziologie
|0 (DE-627)1271427400
|0 (DE-625)rvk/123416:
|0 (DE-576)201427400
|
| 936 |
r |
v |
|a MQ 1200
|b Allgemeine Einführungen in die Soziologie
|k Soziologie
|k Einführung und Geschichte
|k Einführungen und Reader
|k Allgemeine Einführungen in die Soziologie
|0 (DE-627)1271366118
|0 (DE-625)rvk/123412:
|0 (DE-576)201366118
|
| 951 |
|
|
|a MV
|
| ELC |
|
|
|b 1
|
| ITA |
|
|
|a 1
|t 1
|
| LOK |
|
|
|0 000 xxxxxcx a22 zn 4500
|
| LOK |
|
|
|0 001 2022133897
|
| LOK |
|
|
|0 003 DE-627
|
| LOK |
|
|
|0 004 1072934825
|
| LOK |
|
|
|0 005 20010917000000
|
| LOK |
|
|
|0 008 981231||||||||||||||||ger|||||||
|
| LOK |
|
|
|0 040
|a DE-21
|c DE-627
|d DE-21
|
| LOK |
|
|
|0 852
|a DE-21
|
| LOK |
|
|
|0 852 1
|c 9 A 5322
|9 00
|
| LOK |
|
|
|0 935
|a kram
|a konv
|
| LOK |
|
|
|0 939
|a 31-12-98
|b l01
|
| LOK |
|
|
|0 000 xxxxxcx a22 zn 4500
|
| LOK |
|
|
|0 001 2022133919
|
| LOK |
|
|
|0 003 DE-627
|
| LOK |
|
|
|0 004 1072934825
|
| LOK |
|
|
|0 005 20100408015229
|
| LOK |
|
|
|0 008 941205||||||||||||||||ger|||||||
|
| LOK |
|
|
|0 040
|a DE-21-31
|c DE-627
|d DE-21-31
|
| LOK |
|
|
|0 541
|e 33380
|
| LOK |
|
|
|0 852
|a DE-21-31
|
| LOK |
|
|
|0 852 1
|c Pw I a 119-3
|m p
|9 00
|
| LOK |
|
|
|0 938
|k p
|
| LOK |
|
|
|0 939
|a 05-12-94
|b l01
|
| LOK |
|
|
|0 000 xxxxxcx a22 zn 4500
|
| LOK |
|
|
|0 001 2022133951
|
| LOK |
|
|
|0 003 DE-627
|
| LOK |
|
|
|0 004 1072934825
|
| LOK |
|
|
|0 005 20100406202105
|
| LOK |
|
|
|0 008 050820||||||||||||||||ger|||||||
|
| LOK |
|
|
|0 040
|a DE-21-46
|c DE-627
|d DE-21-46
|
| LOK |
|
|
|0 541
|e 14627
|
| LOK |
|
|
|0 689
|a s
|0 1311363572
|a Soziologie
|
| LOK |
|
|
|0 852
|a DE-21-46
|
| LOK |
|
|
|0 852 1
|c D 11/1969,26
|m p
|9 00
|
| LOK |
|
|
|0 935
|a k046
|
| LOK |
|
|
|0 938
|k p
|
| LOK |
|
|
|0 939
|a 20-08-05
|b l01
|
| LOK |
|
|
|0 000 xxxxxcx a22 zn 4500
|
| LOK |
|
|
|0 001 202213396X
|
| LOK |
|
|
|0 003 DE-627
|
| LOK |
|
|
|0 004 1072934825
|
| LOK |
|
|
|0 005 20100508044204
|
| LOK |
|
|
|0 008 980630||||||||||||||||ger|||||||
|
| LOK |
|
|
|0 040
|a DE-21-24
|c DE-627
|d DE-21-24
|
| LOK |
|
|
|0 541
|e 69/1800
|
| LOK |
|
|
|0 689
|a s
|a Soziologie (Geschichte)
|
| LOK |
|
|
|0 852
|a DE-21-24
|
| LOK |
|
|
|0 852 1
|c C,VId,12
|m p
|9 00
|
| LOK |
|
|
|0 935
|a ALAS
|
| LOK |
|
|
|0 936ln
|a C,VId,
|
| LOK |
|
|
|0 938
|k p
|
| LOK |
|
|
|0 939
|a 30-06-98
|b l01
|
| LOK |
|
|
|0 000 xxxxxcx a22 zn 4500
|
| LOK |
|
|
|0 001 2022133978
|
| LOK |
|
|
|0 003 DE-627
|
| LOK |
|
|
|0 004 1072934825
|
| LOK |
|
|
|0 005 20020607000000
|
| LOK |
|
|
|0 008 930421||||||||||||||||ger|||||||
|
| LOK |
|
|
|0 040
|a DE-21-110
|c DE-627
|d DE-21-110
|
| LOK |
|
|
|0 852
|a DE-21-110
|
| LOK |
|
|
|0 852 1
|c O I 85
|m p
|9 00
|
| LOK |
|
|
|0 935
|a k110
|
| LOK |
|
|
|0 936ln
|a 7.1
|
| LOK |
|
|
|0 938
|k p
|
| LOK |
|
|
|0 939
|a 21-04-93
|b l01
|
| LOK |
|
|
|0 000 xxxxxcx a22 zn 4500
|
| LOK |
|
|
|0 001 2521726907
|
| LOK |
|
|
|0 003 DE-627
|
| LOK |
|
|
|0 004 1072934825
|
| LOK |
|
|
|0 005 20061129085734
|
| LOK |
|
|
|0 008 061129||||||||||||||||ger|||||||
|
| LOK |
|
|
|0 040
|a DE-21-52
|c DE-627
|d DE-21-52
|
| LOK |
|
|
|0 541
|e 69/357
|
| LOK |
|
|
|0 852
|a DE-21-52
|
| LOK |
|
|
|0 852 1
|c Ag 52
|m p
|9 00
|
| LOK |
|
|
|0 935
|a k052
|a kneu
|
| LOK |
|
|
|0 938
|k p
|
| LOK |
|
|
|0 939
|a 29-11-06
|b l01
|
| ORI |
|
|
|a SA-MARC-ixtheoa001.raw
|
| REL |
|
|
|a 1
|
| STA |
0 |
0 |
|a History,History,History in art,Sociology
|
| STB |
0 |
0 |
|a Histoire,Histoire,Histoire,Sociologie
|
| STC |
0 |
0 |
|a Historia,Historia,Historia,Sociología
|
| STD |
0 |
0 |
|a Sociologia,Storia,Storia
|
| STE |
0 |
0 |
|a 历史,史,社会学
|
| STF |
0 |
0 |
|a 歷史,史,社會學
|
| STG |
0 |
0 |
|a História,História,Sociologia
|
| STH |
0 |
0 |
|a История (мотив),История,Социология
|
| STI |
0 |
0 |
|a Ιστορία (μοτίβο),Ιστορία,Κοινωνιολογία
|
| SUB |
|
|
|a REL
|
| SYG |
0 |
0 |
|a Allgemeine Soziologie,Gesellschaftslehre,Gesellschaft,Gesellschaftstheorie,Sozialtheorie,Soziallehre , History,Geschichtliche Epoche,Historical development,Historische Entwicklung,Landesgeschichte,Regionalgeschichte,Ortsgeschichte,Zeitgeschichte
|